[Event "Perth op"]
[Site "Perth"]
[Date "2023.01.03"]
[Round "2"]
[White "Rafiei Darani, Daryoush"]
[Black "Hernandez Mendez, Iker"]
[Result "1-0"]
[WhiteElo "1504"]
[BlackElo "1611"]
[PlyCount "83"]
[EventDate "2023.01.02"]
[EventType "swiss"]
[EventRounds "11"]
[EventCountry "AUS"]
[SourceTitle "CBM 212 Extra"]
[Source "ChessBase"]
[SourceDate "2023.03.31"]
[SourceVersion "1"]
[SourceVersionDate "2023.03.31"]
[SourceQuality "1"]

1. e4 c5 2. d4 cxd4 3. c3 Nf6 4. e5 Nd5 5. cxd4 d6 6. Nf3 Nc6 7. Nc3 Nxc3 8. bxc3 Bg4 9. Bc4 d5 10. Bd3 e6 11. Qb3 Qc7 12. Rb1 Bxf3 13. gxf3 Rc8 14. 0-0 b6 15. f4 Be7 16. f5 0-0 17. Qd1 Nxe5 18. dxe5 Qxe5 19. Bd2 exf5 20. Re1 Qf6 21. Qf3 Bc5 22. Bxf5 Rc6 23. Re2 Rd8 24. Rbe1 Bf8 25. Qd3 g6 26. Bh3 Qh4 27. Bg2 Rc4 28. Qg3 Rd7 29. Qxh4 Rxh4 30. Re8 Kg7 31. Be3 Ra4 32. Rxf8 Rxa2 33. Re8 f6 34. Bd4 Kf7 35. Bxd5+ Kg7 36. R1e7+ Kh6 37. Rxd7 Ra1+ 38. Kg2 a5 39. Be3+ g5 40. Be4 Kh5 41. Rxh7+ Kg4 42. h3# 1-0